| 000 | 00800nam a2200229Ia 4500 | ||
|---|---|---|---|
| 003 | GCL | ||
| 008 | 140319s9999 xx 000 0 ara d | ||
| 040 |
_aGCL / _cGCL |
||
| 082 | 0 | 4 |
_a155.41 _bع ع |
| 100 | 1 | _aعبدالستار ابراهيم | |
| 245 | 1 | 0 |
_aالعلاج السلوكى للطفل اساليبة ونماذج من حالاته (عالم المعرفة 180 ) / _cعبدالستار ابراهيم |
| 700 | 1 | _aعبدالعزيز عبدالله الدخيل | |
| 700 | 1 | _aرضوى ابراهيم | |
| 300 | _a373 ص | ||
| 490 |
_aعالم المعرفة _v0 |
||
| 650 | 0 | 4 | _aالصحة النفسية |
| 650 | 0 | 4 | _aعلم النفس |
| 650 | 0 | 4 | _aعلم النفس السلوكى |
| 650 | 0 | 4 | _aالسلوكية |
| 650 | 0 | 4 | _aالاطفال - علم نفس |
| 942 |
_2ddc _cBK |
||
| 999 |
_c51523 _d51523 |
||